00326nam a2200121Ia 4500008004100000082002000041100001900061245003100080260002300111300000800134630003100142730003100173100122s9999 xx 000 0 und d b33942a361.4175 aPEMBERTON LOIS aTHE STORK DIDN;T BRING YOU bLION LIBRARYc1905 a192 aTHE STORK DIDN;T BRING YOU aTHE STORK DIDN;T BRING YOU